000
00218 a2200097 4500
001
46309
100
_a
Elias,
245
_a
Modern dictionary English Arabic
260
_a
U A R
_b
Elias Modern
_c
090
_c
29426
_d
29426
942
_a
NUST-CAE
_c
M
_c
21587
999
_c
281382
_d
281382